000 00706cam a22002293a 4500
001 19233
003 PGUSA
005 20140828083416.0
008 060910s2006||||xxu|||||s|||||000 | eng d
040 _aPGUSA
_beng
042 _adc
050 4 _aPQ
100 1 _aFrance, Anatole,
_d1844-1924
245 1 0 _aLes opinions de M. Jérôme Coignard :
_bRecueillies par Jacques Tournebroche
_h[electronic resource] /
_cAnatole France
260 _bProject Gutenberg,
_c2006
500 _aGallica number: Notice n° : FRBNF32123902
506 _aPublic domain in the USA.
516 _aElectronic text
830 0 _aProject Gutenberg
_v19233
856 4 0 _uhttp://www.gutenberg.org/ebooks/19233
942 _cEB
999 _c248488
_d248488